Personnalités de A à Z (3) - Statistiques

Statistiques générales
  • Ce quiz a été pris 104 fois
  • Le résultat moyen est 6 sur 26
Statistiques - réponses
Par images Réponse % Correct
Charles {Aznavour}
100%
Claude {François}
90%
Charles {Baudelaire}
66%
Charles {Trenet}
48%
Claude {Monet}
43%
Claude {Nougaro}
38%
Christine {Ockrent}
33%
Christine {Kelly}
29%
Claude {Debussy}
23%
Claude {Rich}
20%
Claude {Zidi}
20%
Charles {Lindbergh}
17%
Claude {Chabrol}
17%
Claude {Gensac}
17%
Camille {Saint-Saens}
14%
Caroline {Wozniacki}
11%
Charles d'{Eon}
11%
Claude {Pompidou}
10%
Charles {Vanel}
9%
Charlotte {Ithurbide}
8%
Claude {Jade}
6%
Caroline {Yadan}
2%
Caroline {Huppert}
1%
Caroline {Quentin}
0%
Christian {Ulmer}
0%
Christian {Xeller}
0%
Aucun quiz correspondant
Distribution des résultats
% des personnes avec chaque résultat
Percentile par nombre de réponses
Votre historique - résultats
Vous n’avez pas pris ce quiz